01277nab a22002897a 4500999001500000003000400015005001700019008004100036040000700077100004100084245011600125260004200241300001300283500003700296505019900333505008900532650002600621650003100647650003600678650003100714650003300745650002800778650001800806700002900824773012100853942001300974 c6378d6378OSt20260201145512.0190506c xxu||||| |||| 00| 0 spa d cPJ 97019aCarbonero, Natalia Jacqueline 10aRelación de dependencia desde una perspectiva histórica /cNatalia Jacqueline Carbonero, Federico Savizki.  aBuenos Aires :bAbeledoPerrot,c2023. ap. 14-17 aCita: TR LALEY AR/DOC/1462/2023  aSumario: I. Antecedentes históricos del trabajo y evolución.— II. Hacia una noción de dependencia.— III. Análisis de los fallos de la CSJN "Cairone" y "Rica".— IV. Bibliografía.  t¿Te interesa el texto completo? Comunicate al correo: koha@justierradelfuego.gov.ar 091316aDERECHO LABORAL 091803aRELACIONES LABORALES 094428aRELACIÓN DE DEPENDENCIA 091803aRELACIONES LABORALES 091577aDISCRIMINACION LABORAL 095130aVIOLENCIA LABORAL 0aMOBBING91578 97020aSavizki, Federico 0 0275193202dBuenos Aires : AbeledoPerrot, 2013-tRevista de derecho laboral y seguridad social. Nº 15- Agosto 2023 2udccANA